000
00238nam a2200085Ia 4500
245
0
_a
At school, what if ... ?
100
_a
SCHERMBRUCKER, Reviva Lansdowne, 2003
_9
101078
942
_c
BK
008
210818s9999 xx 000 0 und d
999
_c
436271
_d
436270